Statistiken für Größte Stadt von jedem Kontinent mit H

Klicken Sie hier um das Quiz zu spielen!

Allgemein

  • Dieses Quiz wurde 135 mal gespielt
  • Das Durchschnittsergebnis liegt bei 3 aus 6

Antwortstatistiken

KontinentStadtLand% Korrekt
EuropaHamburgDeutschland
91%
NordamerikaHoustonUSA
87%
AfrikaHarareSimbabwe
33%
AsienHyderabadIndien
28%
OzeanienHamiltonNeuseeland
10%
SüdamerikaHuancayoPeru
2%

Verteilung der Resultate

Perzentil nach korrekt beantworteten Fragen

Anzahl Personen mit jedem Resultat

Ihre Resultats-Entwicklung

Sie haben dieses Quiz noch nicht gespielt